00572nam a2200181Ia 450000500170000000800410001704000190005804100120007708200190008924500910010826000340019930000180023350400400025165000480029165100190033970000220035885000100038020221118095139.0131103s9999 xx 000 0 und d aLoreto College aEnglish a821.7bSHE-HUG aShelleyb poems published in 1820 cedited with introduction and notes by A.M.D.Hughes aOxfordbClarendon Pressc1953 axxxii,224 p.  aIncludes bibliographical references aShelley,Percy Brysshe - Poems - Collections aEnglish Poetry aHughes,A.M.D.,ed. aLCLIB